LEADER 01200nam0-22003131i-450- 001 990000441650403321 005 20001010 035 $a000044165 035 $aFED01000044165 035 $a(Aleph)000044165FED01 035 $a000044165 100 $a20001010d--------km-y0itay50------ba 101 0 $aita 105 $ay-------001yy 200 1 $aCriteri e metodi di recupero dei manufatti di media quota nelle montagne della Carnia$elimiti delle riconversioni funzionalicompatibili$eDottorato di ricerca in ingegneria per il recupero edilizio e l'innovazione tecnologica XI ciclo$fCarla Alessandrini 210 $as.l.$cs.e.$ds.d. 215 $a271 p.$cill.$d30 cm 300 $aIn testa al front.: Università degli studi di Napoli Federico II Università degli studi di Trento, Università degli studi Trieste 610 0 $aRecupero Edilizio 676 $a720.28 700 1$aAlessandrini,$bCarla$0339442 801 0$aIT$bUNINA$gRICA$2UNIMARC 901 $aBK 912 $a990000441650403321 952 $a08 HH 35$b989$fDINED 959 $aDINED 996 $aCriteri e metodi di recupero dei manufatti di media quota nelle montagne della Carnia$9333667 997 $aUNINA DB $aING01 LEADER 01713nam 2200373 450 001 9910719984503321 005 20230704064254.0 035 $a(CKB)5710000000123764 035 $a(NjHacI)995710000000123764 035 $a(EXLCZ)995710000000123764 100 $a20230704d2012 uy 0 101 0 $aeng 135 $aur||||||||||| 181 $ctxt$2rdacontent 182 $cc$2rdamedia 183 $acr$2rdacarrier 200 12$aA Trial Separation $eAustralia and the Decolonisation of Papua New Guinea /$fDonald Denoon 210 1$aCanberra, Australia :$cANU Press,$d2012. 215 $a1 online resource (xii, 228 pages) 330 $aWhen it came in September 1975, Papua New Guinea's independence was marked by both anxiety and elation. In the euphoric aftermath, decolonisation was declared a triumph and immediate events seemed to justify that confidence. By the 1990s, however, events had taken a turn for the worse and there were doubts about the capacity of PNG to function. This history presents the full story of the 'trial separation' of Australia and Papua New Guinea, concluding that -- given the intertwined history, geography and economies of the two neighbours -- the decolonisation project of 'independence' is still a work in progress. 517 $aTrial Separation 606 $aDecolonization 606 $aPolitics and government 607 $aPapua New Guinea$xPolitics and government 615 0$aDecolonization. 615 0$aPolitics and government. 676 $a325.8 700 $aDenoon$b Donald$0142244 801 0$bNjHacI 801 1$bNjHacl 906 $aBOOK 912 $a9910719984503321 996 $aA trial separation$92017224 997 $aUNINA